000
00207 a2200097 4500
020
_a
9798875296215
041
_a
spa
100
_a
Waldendorf, Kurt
245
_a
Femenina El Primer Plano
942
_c
Libros/Book
999
_c
31977
_d
31975